Visualizzazione normale
Vista MARC
- Bonald, Louis de,
di Personal Name
Records bibliografici associati: 1
001 - CONTROL NUMBER
- control field: 34734
003 - CONTROL NUMBER IDENTIFIER
- control field: IT-RoINE
005 - DATE AND TIME OF LATEST TRANSACTION
- control field: 20170524113710.0
008 - FIXED-LENGTH DATA ELEMENTS
- fixed length control field: 170524|| aca||aabn | a|a d
040 ## - CATALOGING SOURCE
- Original cataloging agency: IT-RoINE
- Transcribing agency: IT-RoINE
100 ## - HEADING--PERSONAL NAME
- Personal name: Bonald, Louis de,
- Dates associated with a name: 1754-1840
670 ## - SOURCE DATA FOUND
- Source citation: Work cat.: (IT-RoINE): Pons Bordería, Salvador 34733, La figura política del Vizconde de Bonald /, 1954.